Guess the European country from its first and last letter pt2 - Statistics

General Stats
  • This quiz has been taken 26 times
  • The average score is 11 of 15
Answer Stats
Hint Answer % Correct
D__k Denmark
91%
H__y Hungary
86%
K__o Kosovo
86%
N__y Norway
86%
F__e France
82%
P__d Poland
82%
F__d Finland
77%
G__e Greece
77%
S__a Serbia
77%
N__s Netherlands
68%
B__a Bulgaria
64%
L__n Liechtenstein
64%
C__a Croatia
59%
S__o San Marino
59%
C__c Czech Republic
55%
No matching quizzes found
Score Distribution
Percent of People with Each Score
Percentile by Number Answered
Your Score History
You have not taken this quiz